000 00732nam a2200241Ia 4500
001 21697
005 20260407101122.0
008 260320s9999||||xx |||||||||||||| ||und||
020 _a9786123226060
041 _aESP
082 _a341.3
_bB52
100 _aBianca, C. Massimo,
_eAUT
245 0 _aInstituciones de derecho privado
250 _aPrimera edición
260 _aLima :
_bInstituto Pacífico
_c2025
300 _a1230 páginas :
_bilustraciones ;
_c25 cm.
650 _aCIS
653 _aDerecho; Filosofía del derecho; Derecho privado
654 _aCDE
700 _aBianca, Mirzia,
_cAUT
856 _uhttps://app-vlex-com.ucsp.lookproxy.com/
_zVéase además: Base de datos Vlex
942 _cLIB
_dJUS
_fMIP
_2ddc
999 _c21697
_d21697